00870nam a2200229Ia 4500003000900000008004100009040001300050040001300063041000800076100001900084245022000103250001100323260002000334260000900354300001000363300001000373490000600383600003000389942000700419999001700426952019700443IT-RoPAU120407s9999 xx 000 0 und d aIT-RoPAU cIT-RoPAU aita aVito Francesco a"L’Università italiana al bivio. Discorso letto dal Magnifico Rettore prof. Francesco Vito all’inaugurazione dell’anno accademico l’8 dicembre 1964. Appendice: L’Università e la formazione del medico." aMilano aVita e Pensiero c1965 a78 p. c24 cm v1 a1. Università Italiana. cBK c36740d36740 00102ddc406378_20000000000000071aPAULUSbPAULUSd2012-04-11l0o378.2r2012-04-11 00:00:00w2012-04-11yBKzInserito da: Jole In data: 27 settembre 2011 fondo: Via A.Severo 56 Progr:17958